Statystyki dla Najpopularniejsze polskie przekleństwa

Kliknij tutaj aby rozwiązać quiz!

Ogólne statystyki

  • Ten quiz został rozwiązany 481 razy
  • Średni wynik to 3 z 5

Statystyki odpowiedzi

Przekleństwo% Poprawnych
K***a
99%
C**j
84%
J***ć
65%
P***a
44%
P*******ć
44%

Rozkład punktacji

Percentyl według liczby udzielonych odpowiedzi

Procent ludzi z każdym wynikiem

Twoja historia wyników

Nie rozwiązałeś tego quizu